| 000 -LEADER |
| fixed length control field |
00973 a2200229 4500 |
| 003 - CONTROL NUMBER IDENTIFIER |
| control field |
Nust |
| 005 - DATE AND TIME OF LATEST TRANSACTION |
| control field |
20230127124958.0 |
| 010 ## - LIBRARY OF CONGRESS CONTROL NUMBER |
| LC control number |
93011550 |
| 020 ## - INTERNATIONAL STANDARD BOOK NUMBER |
| International Standard Book Number |
0024041718 |
| 040 ## - CATALOGING SOURCE |
| Transcribing agency |
Nust |
| 082 00 - DEWEY DECIMAL CLASSIFICATION NUMBER |
| Classification number |
808,ROZ |
| 100 1# - MAIN ENTRY--PERSONAL NAME |
| Personal name |
Roze, Maris. |
| 9 (RLIN) |
7452 |
| 245 10 - TITLE STATEMENT |
| Title |
Technical communication : |
| Remainder of title |
the practical craft / |
| Statement of responsibility, etc. |
Maris Roze. |
| 250 ## - EDITION STATEMENT |
| Edition statement |
2nd ed. |
| 260 ## - PUBLICATION, DISTRIBUTION, ETC. |
| Place of publication, distribution, etc. |
New York : |
| Name of publisher, distributor, etc. |
Merrill ; |
| Place of publication, distribution, etc. |
Toronto : |
| Name of publisher, distributor, etc. |
Maxwell Macmillan Canada ; |
| Place of publication, distribution, etc. |
New York : |
| Name of publisher, distributor, etc. |
Maxwell Macmillan International, |
| Date of publication, distribution, etc. |
c1994. |
| 300 ## - PHYSICAL DESCRIPTION |
| Extent |
xii, 288 p. : |
| Other physical details |
ill. ; |
| Dimensions |
24 cm. |
| 440 #0 - SERIES STATEMENT/ADDED ENTRY--TITLE |
| Title |
Merrill's international series in engineering technology |
| 9 (RLIN) |
7453 |
| 505 ## - FORMATTED CONTENTS NOTE |
| Formatted contents note |
Introduction (Page-1), Development Method (Page-21), Reports (Page-59), Correspondence (Page-133), Oral Communication (Page-159), Research and Development (Page-189), Grammar , Usage ,and Style (Page-213), Mechanics (Page-257). |
| 650 #0 - SUBJECT ADDED ENTRY--TOPICAL TERM |
| Topical term or geographic name entry element |
Communication of technical information. |
| 9 (RLIN) |
25586 |
| 650 #0 - SUBJECT ADDED ENTRY--TOPICAL TERM |
| Topical term or geographic name entry element |
Technical writing. |
| 942 ## - ADDED ENTRY ELEMENTS (KOHA) |
| Source of classification or shelving scheme |
|
| Koha item type |
Book |
| Call number prefix |
808,ROZ |